Zákazníci a materiální prostředí Seriál o marketingovém mixu služeb. 7
Zákazníci ako producenti služieb predstavujú vstupy do procesu poskytovania služieb. Úloha zákazníka ako užívateľa služieb. Zákazníci ako rozširovatelia informácií. Vzťahy medzi prevádzkovateľmi služieb a zákazníkmi. Materiálne prostredie firmy, kde služba vzniká.
Na minha lista:
| Autor principal: | |
|---|---|
| Formato: | Capítulo de Livro |
| Idioma: | tcheco |
| Assuntos: | |
| Tags: |
Sem tags, seja o primeiro a adicionar uma tag!
|
MARC
| LEADER | 00000naa a2200000 4500 | ||
|---|---|---|---|
| 001 | r027503 | ||
| 005 | 20230522111632.4 | ||
| 041 | 0 | |a cze | |
| 044 | |a CZ | ||
| 245 | 1 | 0 | |a Zákazníci a materiální prostředí |b Seriál o marketingovém mixu služeb. 7 |c L. Janečková |
| 520 | |a Zákazníci ako producenti služieb predstavujú vstupy do procesu poskytovania služieb. Úloha zákazníka ako užívateľa služieb. Zákazníci ako rozširovatelia informácií. Vzťahy medzi prevádzkovateľmi služieb a zákazníkmi. Materiálne prostredie firmy, kde služba vzniká. | ||
| 610 | 2 | 0 | |a služby |
| 610 | 2 | 0 | |a marketing mix |
| 610 | 2 | 0 | |a zákazníci |
| 610 | 2 | 0 | |a správanie spotrebiteľa |
| 610 | 2 | 0 | |a informácie |
| 610 | 2 | 0 | |a predaj |
| 610 | 2 | 0 | |a prostredie podnikové |
| 100 | 1 | |a Janečková, Lidmila | |